[Event "AUT-chT U18 rapid"]
[Site "Vienna"]
[Date "2023.10.29"]
[Round "4.6"]
[White "Roessler, Lukas1"]
[Black "Wu, Chenshan"]
[Result "0-1"]
[WhiteElo "1137"]
[BlackElo "1583"]
[PlyCount "78"]
[EventDate "2023.10.29"]
[EventType "team-swiss"]
[EventRounds "7"]
[EventCountry "AUT"]
[SourceTitle "Mega2024 Update 01"]
[Source "Chessbase"]
[SourceDate "2023.11.12"]
[SourceVersion "1"]
[SourceVersionDate "2023.11.12"]
[SourceQuality "1"]
[WhiteTeam "Kaernten U18"]
[BlackTeam "Vienna U18"]
[WhiteTeamCountry "AUT"]
[BlackTeamCountry "AUT"]

1. e4 e6 2. d4 d5 3. exd5 exd5 4. Bd3 Bd6 5. Nf3 Nc6 6. Nc3 Nge7 7. Be3 Bg4 8. 0-0 a6 9. h3 Bh5 10. Re1 Qd7 11. Rb1 0-0-0 12. a4 f6 13. Na2 g5 14. Be2 g4 15. Nd2 f5 16. b4 f4 17. b5 axb5 18. axb5 Nb8 19. hxg4 Bg6 20. b6 c6 21. Bxf4 Bxf4 22. Nb3 Qd6 23. Nc5 Nd7 24. Nxd7 Kxd7 25. Bd3 Bxd3 26. Qxd3 h5 27. Qf3 Rdf8 28. Qh3 hxg4 29. Qxg4+ Nf5 30. g3 Qh6 31. Kf1 Qh1+ 32. Ke2 Qe4+ 33. Kd1 Qxd4+ 34. Ke2 Bd6 35. Kf3 Qxg4+ 36. Kxg4 Rhg8+ 37. Kh3 Nxg3 38. fxg3 Rxg3+ 39. Kh2 Rh8# 0-1

[Event "EU Union-ch U10 20th"]
[Site "Mureck"]
[Date "2023.08.03"]
[Round "2"]
[White "Wu, Chenshan"]
[Black "Mesic, Erik"]
[Result "1-0"]
[WhiteElo "1674"]
[BlackElo "1070"]
[PlyCount "103"]
[EventDate "2023.08.02"]
[EventType "swiss"]
[EventRounds "9"]
[EventCountry "AUT"]
[SourceTitle "EXT 2024"]
[Source "ChessBase"]
[SourceDate "2023.10.10"]
[SourceVersion "1"]
[SourceVersionDate "2023.10.10"]
[SourceQuality "1"]

1. d4 Nf6 2. c4 e6 3. Nc3 Bb4 4. Qc2 0-0 5. Bg5 h6 6. Bh4 d5 7. cxd5 exd5 8. e3 Nc6 9. Nf3 Re8 10. Be2 Bg4 11. 0-0 a6 12. Bxf6 Qxf6 13. Nxd5 Qd6 14. Nxb4 Nxb4 15. Qb3 Nc6 16. h3 Bh5 17. Rfe1 Bg6 18. Bd3 Bxd3 19. Qxd3 Nb4 20. Qb3 Nd5 21. Rac1 Nf6 22. Qxb7 Reb8 23. Qxc7 Qxc7 24. Rxc7 Rxb2 25. Ne5 Rxa2 26. Rxf7 Ne4 27. f3 Nd6 28. Rc7 Nf5 29. d5 Rd2 30. e4 Ng3 31. Kh2 Ne2 32. d6 Rd8 33. d7 Kf8 34. Rc8 R2xd7 35. Nxd7+ Ke7 36. Rxd8 Kxd8 37. Rxe2 Kxd7 38. Kg3 Kd6 39. Kf4 g6 40. e5+ Ke6 41. Ke4 g5 42. Rb2 h5 43. g4 h4 44. Rb8 a5 45. Rb6+ Ke7 46. Kd5 a4 47. e6 a3 48. Rb7+ Ke8 49. Kd6 Kf8 50. e7+ Ke8 51. Ke6 a2 52. Rb8# 1-0

[Event "AUT-ch U14"]
[Site "St Veit"]
[Date "2023.06.10"]
[Round "6"]
[White "Gstrein, Matteo"]
[Black "Wu, Chenshan"]
[Result "1-0"]
[WhiteElo "1171"]
[BlackElo "1724"]
[PlyCount "111"]
[EventDate "2023.06.08"]
[EventType "swiss"]
[EventRounds "7"]
[EventCountry "AUT"]
[SourceTitle "EXT 2024"]
[Source "ChessBase"]
[SourceDate "2023.10.10"]
[SourceVersion "1"]
[SourceVersionDate "2023.10.10"]
[SourceQuality "1"]

1. e4 e6 2. d3 d5 3. Nd2 c5 4. Ngf3 Nc6 5. g3 Bd6 6. Bg2 Nge7 7. 0-0 0-0 8. Re1 Qc7 9. Qe2 f6 10. c3 Bd7 11. Nb3 a6 12. d4 cxd4 13. exd5 Nxd5 14. Nfxd4 Rfe8 15. Qc2 b5 16. Bd2 Rac8 17. Rad1 Qb6 18. Nxe6 Ncb4 19. Qb1 Bxe6 20. cxb4 Bxb4 21. Bxd5 Bxd5 22. Rxe8+ Rxe8 23. Bxb4 Ba8 24. Qf5 Qc6 25. f3 g6 26. Qd7 Qxd7 27. Rxd7 Bxf3 28. Kf2 Bg4 29. Re7 Rc8 30. Bc3 b4 31. Bxf6 Rc2+ 32. Ke3 Rxh2 33. Kf4 Rf2+ 34. Kxg4 Rxf6 35. Rb7 Rf2 36. Rxb4 Rxb2 37. Ra4 Rc2 38. Rxa6 Rc4+ 39. Kg5 Rc3 40. g4 Kg7 41. Ra7+ Kg8 42. Nd4 Rc5+ 43. Kf6 Rc8 44. Ne6 Rb8 45. a4 Kh8 46. a5 Rg8 47. a6 h5 48. Rg7 Ra8 49. a7 h4 50. Rb7 h3 51. Rb8+ Kh7 52. Rxa8 h2 53. Rh8+ Kxh8 54. a8Q+ Kh7 55. Qb7+ Kh6 56. Qg7# 1-0

[Event "AUT-ch U14"]
[Site "St Veit"]
[Date "2023.06.10"]
[Round "5"]
[White "Wu, Chenshan"]
[Black "Atlas, Daniel"]
[Result "1-0"]
[WhiteElo "1724"]
[BlackElo "1311"]
[PlyCount "73"]
[EventDate "2023.06.08"]
[EventType "swiss"]
[EventRounds "7"]
[EventCountry "AUT"]
[SourceTitle "EXT 2024"]
[Source "ChessBase"]
[SourceDate "2023.10.10"]
[SourceVersion "1"]
[SourceVersionDate "2023.10.10"]
[SourceQuality "1"]

1. e4 e5 2. Nf3 Nc6 3. Bc4 Nf6 4. Ng5 d5 5. exd5 Na5 6. Bb5+ c6 7. dxc6 bxc6 8. Be2 Nd5 9. Ne4 f5 10. Nec3 Nf4 11. g3 Nh3 12. Bf1 Ng5 13. d3 Ne6 14. Bg2 Bc5 15. a3 Qb6 16. 0-0 Nb7 17. Na4 Qc7 18. Nxc5 Nbxc5 19. Qh5+ g6 20. Qd1 Ba6 21. b4 Nb7 22. Bb2 Nd4 23. Re1 0-0 24. Nd2 Rfe8 25. Nf3 Qd6 26. c4 Rad8 27. Nxd4 exd4 28. Rxe8+ Rxe8 29. b5 cxb5 30. cxb5 Bxb5 31. Bxb7 Qb6 32. Qb3+ Kf8 33. Qb4+ Re7 34. Bxd4 Qxb7 35. Bc5 Ke8 36. Bxe7 Qxe7 37. Re1 1-0

[Event "AUT-ch U10"]
[Site "St Veit"]
[Date "2023.05.28"]
[Round "4"]
[White "Koch, Paul1111"]
[Black "Wu, Chenshan"]
[Result "0-1"]
[WhiteElo "1096"]
[BlackElo "1652"]
[PlyCount "126"]
[EventDate "2023.05.27"]
[EventType "swiss"]
[EventRounds "7"]
[EventCountry "AUT"]
[SourceTitle "CBM 214 Extra"]
[Source "ChessBase"]
[SourceDate "2023.07.31"]
[SourceVersion "1"]
[SourceVersionDate "2023.07.31"]
[SourceQuality "1"]

1. e4 e5 2. Nf3 Nf6 3. Nxe5 d6 4. Nf3 Nxe4 5. Qe2 Qe7 6. d3 Nf6 7. Qxe7+ Bxe7 8. Nc3 Nc6 9. a3 Bg4 10. Be2 0-0-0 11. Be3 d5 12. Bf4 Nh5 13. Bg3 Nxg3 14. hxg3 Bf6 15. Kf1 h6 16. Rb1 Rhe8 17. Re1 Bxc3 18. bxc3 Re7 19. Nd4 Bxe2+ 20. Rxe2 Rxe2 21. Kxe2 Nxd4+ 22. cxd4 Rd6 23. Kd2 Ra6 24. Ra1 Kd7 25. g4 Ke6 26. f4 f5 27. gxf5+ Kxf5 28. Ke3 Kg4 29. c3 Kg3 30. Ra2 Re6+ 31. Kd2 Kxg2 32. Kd1+ Kf3 33. Rb2 b6 34. a4 Kxf4 35. Rf2+ Kg3 36. Rf7 g5 37. Rxc7 a5 38. Rd7 h5 39. Rxd5 Rg6 40. Rd8 h4 41. d5 h3 42. d6 h2 43. Rh8 Rxd6 44. d4 Kg2 45. Ke2 h1Q 46. Rxh1 Kxh1 47. Kf3 Kh2 48. Kg4 Rd5 49. c4 Rxd4+ 50. Kxg5 Rxc4 51. Kf5 Rxa4 52. Ke5 b5 53. Kd5 Rc4 54. Kd6 a4 55. Kd5 a3 56. Kd6 a2 57. Kd5 a1Q 58. Kd6 Qa6+ 59. Kd5 Qc6+ 60. Ke5 Re4+ 61. Kf5 Qe6+ 62. Kg5 Rg4+ 63. Kh5 Qg6# 0-1

[Event "AUT-ch U10"]
[Site "St Veit"]
[Date "2023.05.27"]
[Round "2"]
[White "Fischkin, Daniel"]
[Black "Wu, Chenshan"]
[Result "0-1"]
[WhiteElo "1492"]
[BlackElo "1652"]
[PlyCount "62"]
[EventDate "2023.05.27"]
[EventType "swiss"]
[EventRounds "7"]
[EventCountry "AUT"]
[SourceTitle "CBM 214 Extra"]
[Source "ChessBase"]
[SourceDate "2023.07.31"]
[SourceVersion "1"]
[SourceVersionDate "2023.07.31"]
[SourceQuality "1"]

1. e4 e6 2. d4 d5 3. Nc3 Nf6 4. exd5 exd5 5. Nf3 c6 6. Bg5 Bd6 7. Bd3 0-0 8. 0-0 Bg4 9. Re1 Nbd7 10. h3 Bh5 11. Bf5 Qc7 12. Kh1 Rfe8 13. Qd3 Qb6 14. Rxe8+ Rxe8 15. Rb1 Bxf3 16. gxf3 h6 17. Bh4 Qc7 18. Rg1 Bh2 19. Bg3 Bxg3 20. Rxg3 Nh5 21. Rg1 Ndf6 22. Ne2 Nf4 23. Nxf4 Qxf4 24. Kg2 g6 25. Bxg6 fxg6 26. Qxg6+ Kh8 27. Kh1 Qxf3+ 28. Kh2 Qxf2+ 29. Rg2 Qf4+ 30. Rg3 Re2+ 31. Kh1 Qf1+ 0-1

[Event "AUT-ch U10"]
[Site "St Veit"]
[Date "2023.05.27"]
[Round "3"]
[White "Wu, Chenshan"]
[Black "Aboulenein Djamshidian, Aryan"]
[Result "1/2-1/2"]
[WhiteElo "1652"]
[BlackElo "1208"]
[PlyCount "84"]
[EventDate "2023.05.27"]
[EventType "swiss"]
[EventRounds "7"]
[EventCountry "AUT"]
[SourceTitle "CBM 214 Extra"]
[Source "ChessBase"]
[SourceDate "2023.07.31"]
[SourceVersion "1"]
[SourceVersionDate "2023.07.31"]
[SourceQuality "1"]

1. e4 e6 2. d4 d5 3. Nc3 Nf6 4. e5 Nfd7 5. f4 c5 6. Nf3 Nc6 7. Be3 Qb6 8. Na4 Qa5+ 9. c3 cxd4 10. b4 Qc7 11. Nxd4 a6 12. Bd3 b5 13. Nb2 Be7 14. 0-0 Nxd4 15. Bxd4 f6 16. Qh5+ Kd8 17. Qf7 Re8 18. Qxg7 f5 19. a4 Nb6 20. axb5 Nc4 21. Bxc4 dxc4 22. Rfd1 Bd7 23. Na4 Rb8 24. bxa6 Kc8 25. a7 Ra8 26. Nb6+ Kb7 27. Nxa8 Kxa8 28. Rdb1 Bc6 29. b5 Bb7 30. b6 Qc6 31. Qg3 Bh4 32. Qf3 Qd7 33. Qe2 Rg8 34. g3 Qc6 35. Kf1 Qh1+ 36. Bg1 Rxg3 37. hxg3 Bxg3 38. Qd2 Qh3+ 39. Ke2 Qg4+ 40. Kf1 Qh3+ 41. Ke2 Qg4+ 42. Kf1 Qh3+ 1/2-1/2

[Event "AUT-ch U16"]
[Site "St Veit"]
[Date "2023.04.05"]
[Round "6"]
[White "Wu, Chenshan"]
[Black "Pavlov, Alexander1111"]
[Result "0-1"]
[WhiteElo "1610"]
[BlackElo "1708"]
[PlyCount "170"]
[EventDate "2023.04.02"]
[EventType "swiss"]
[EventRounds "7"]
[EventCountry "AUT"]
[SourceTitle "EXT 2024"]
[Source "ChessBase"]
[SourceDate "2023.10.10"]
[SourceVersion "1"]
[SourceVersionDate "2023.10.10"]
[SourceQuality "1"]

1. e4 e5 2. Nf3 Nc6 3. Bb5 a6 4. Ba4 b5 5. Bb3 Bc5 6. c3 d6 7. 0-0 Nf6 8. Re1 0-0 9. h3 h6 10. d4 Bb6 11. Bc2 Bb7 12. a3 Re8 13. d5 Ne7 14. Be3 Bxe3 15. Rxe3 Ng6 16. Nbd2 Nf4 17. Nf1 Bc8 18. Ng3 Nh7 19. Ne2 Ng6 20. a4 Bd7 21. Ng3 Rf8 22. b3 Ne7 23. Re1 bxa4 24. bxa4 f5 25. exf5 Nxf5 26. Nxf5 Bxf5 27. Bxf5 Rxf5 28. Rb1 Rf8 29. Qc2 Rb8 30. Re4 a5 31. Rxb8 Qxb8 32. Re1 Qa8 33. c4 Nf6 34. Rb1 Rb8 35. Rb3 Rb4 36. Qb2 Qb7 37. Rxb4 axb4 38. Ne1 Nd7 39. Nd3 b3 40. Nc1 Nc5 41. a5 Qb4 42. a6 Nxa6 43. Kh2 Qxc4 44. Nxb3 Qxd5 45. Qa3 Nc5 46. Nxc5 Qxc5 47. Qa8+ Kh7 48. Qe4+ g6 49. Qg4 Qxf2 50. Qd7+ Kg8 51. Qxc7 Qf8 52. Qc4+ Kg7 53. Qc7+ Kf6 54. Qc2 Qe7 55. Qf2+ Kg7 56. Qf3 e4 57. Qc3+ Qe5+ 58. Qxe5+ dxe5 59. Kg3 Kf6 60. Kf2 Kf5 61. Ke3 h5 62. g3 g5 63. h4 gxh4 64. gxh4 Kg4 65. Kxe4 Kxh4 66. Kf3 e4+ 67. Kg2 e3 68. Kf3 Kh3 69. Kxe3 Kg2 70. Kf4 h4 71. Kg4 h3 72. Kf4 h2 73. Kg4 h1Q 74. Kf5 Qh4 75. Ke5 Qc4 76. Kf5 Qd4 77. Ke6 Qc5 78. Kf6 Qd5 79. Kg6 Qe5 80. Kh6 Qg3 81. Kh5 Kf3 82. Kh6 Kf4 83. Kh7 Kf5 84. Kh8 Kf6 85. Kh7 Qg7# 0-1

[Event "EU-ch U08 30th"]
[Site "Antalya"]
[Date "2022.11.11"]
[Round "6"]
[White "Perez Solanas, Hugo"]
[Black "Wu, Chenshan"]
[Result "1-0"]
[WhiteElo "1424"]
[BlackElo "1594"]
[PlyCount "51"]
[EventDate "2022.11.06"]
[EventType "swiss"]
[EventRounds "9"]
[EventCountry "TUR"]
[SourceTitle "CBM 211 Extra"]
[Source "ChessBase"]
[SourceDate "2023.01.31"]
[SourceVersion "1"]
[SourceVersionDate "2023.01.31"]
[SourceQuality "1"]

1. e4 e6 2. d4 d5 3. Nc3 Nf6 4. Bg5 Be7 5. e5 Nfd7 6. h4 Bxg5 7. hxg5 Qxg5 8. Nh3 Qe7 9. Qg4 f6 10. Nf4 Nf8 11. Ncxd5 Qd7 12. exf6 g6 13. Nc3 Qxd4 14. Bd3 Qxf6 15. 0-0-0 Nc6 16. Rhe1 Ne5 17. Qg3 Nxd3+ 18. Nxd3 c6 19. Ne5 Nd7 20. Ne4 Qg7 21. Nd6+ Kf8 22. Nef7 Rg8 23. Rxe6 Nf6 24. Nxc8 Rxc8 25. Qd6+ Kxf7 26. Qe7# 1-0

[Event "EU-ch U08 30th"]
[Site "Antalya"]
[Date "2022.11.07"]
[Round "2"]
[White "Cohen, Israel"]
[Black "Wu, Chenshan"]
[Result "0-1"]
[WhiteElo "1313"]
[BlackElo "1594"]
[PlyCount "100"]
[EventDate "2022.11.06"]
[EventType "swiss"]
[EventRounds "9"]
[EventCountry "TUR"]
[SourceTitle "CBM 211 Extra"]
[Source "ChessBase"]
[SourceDate "2023.01.31"]
[SourceVersion "1"]
[SourceVersionDate "2023.01.31"]
[SourceQuality "1"]

1. d4 Nf6 2. c4 c5 3. d5 e6 4. Nc3 exd5 5. cxd5 d6 6. e4 g6 7. h3 Bg7 8. Nf3 0-0 9. Bd3 Re8 10. 0-0 Na6 11. Bf4 Nc7 12. Bh2 Rb8 13. e5 dxe5 14. Bxe5 Nfxd5 15. Bb5 Rxe5 16. Nxe5 Bxe5 17. Nxd5 Nxb5 18. Re1 Bd4 19. Nc3 Nd6 20. Qd2 Be6 21. Ne4 Nxe4 22. Rxe4 Qf6 23. Rf4 Qg7 24. Qa5 a6 25. Rd1 Bxb2 26. Qxc5 Bxa2 27. Rd2 Be6 28. Qd6 Be5 29. Qxb8+ Bxb8 30. Rd8+ Qf8 31. Rfd4 Bc7 32. Rxf8+ Kxf8 33. Kf1 Ke7 34. Ke2 b5 35. Kd2 Bb6 36. Rf4 a5 37. Kc2 b4 38. Kb2 Bc5 39. Rf3 a4 40. g4 a3+ 41. Kb1 a2+ 42. Kb2 Bd4+ 43. Kc2 a1Q 44. Kd2 Qb2+ 45. Ke1 Qc1+ 46. Ke2 Bc4+ 47. Rd3 Qc2+ 48. Kf3 Qxf2+ 49. Ke4 f5+ 50. gxf5 gxf5# 0-1

[Event "Vienna State-chC"]
[Site "Vienna"]
[Date "2022.09.23"]
[Round "7"]
[White "Wu, Chenshan"]
[Black "Lappe, Manfred"]
[Result "0-1"]
[WhiteElo "965"]
[BlackElo "1692"]
[PlyCount "38"]
[EventDate "2022.09.17"]
[EventType "swiss"]
[EventRounds "9"]
[EventCountry "AUT"]
[SourceTitle "CBM 210 Extra"]
[Source "ChessBase"]
[SourceDate "2022.11.30"]
[SourceVersion "1"]
[SourceVersionDate "2022.11.30"]
[SourceQuality "1"]

1. e4 e5 2. Nf3 Nc6 3. Bc4 Bc5 4. c3 Nf6 5. d4 exd4 6. cxd4 Bb4+ 7. Bd2 Qe7 8. e5 d5 9. Bd3 Bg4 10. Qe2 Bxf3 11. Qxf3 Ne4 12. Bxe4 dxe4 13. Qxe4 0-0-0 14. f4 Rxd4 15. Qe3 Rhd8 16. Bxb4 Qxb4+ 17. Qc3 Rd1+ 18. Kf2 Rxh1 19. Qxb4 Nxb4 0-1

[Event "Vienna State-chC"]
[Site "Vienna"]
[Date "2022.09.19"]
[Round "3"]
[White "Geyer, Guenter"]
[Black "Wu, Chenshan"]
[Result "1/2-1/2"]
[WhiteElo "1855"]
[BlackElo "965"]
[PlyCount "43"]
[EventDate "2022.09.17"]
[EventType "swiss"]
[EventRounds "9"]
[EventCountry "AUT"]
[SourceTitle "CBM 210 Extra"]
[Source "ChessBase"]
[SourceDate "2022.11.30"]
[SourceVersion "1"]
[SourceVersionDate "2022.11.30"]
[SourceQuality "1"]

1. f4 d5 2. Nf3 Nf6 3. e3 Bf5 4. b3 e6 5. Bb2 Bc5 6. Be2 0-0 7. 0-0 Nbd7 8. Ne5 Nxe5 9. fxe5 Ne4 10. d4 Bb6 11. Nd2 c5 12. c3 cxd4 13. cxd4 Qg5 14. Rf4 Rac8 15. Nxe4 Bxe4 16. Bf3 Bxf3 17. Rxf3 Rc6 18. Rc1 Rfc8 19. Rxc6 Rxc6 20. Bc1 Bxd4 21. Rg3 Qh6 22. Rh3 1/2-1/2